00430nam a2200145Ia 4500100003200000942000700032654001400039245003800053260003500091082001500126300000800141546001200149999001700161952010600178 aCundiff/E.W/ Govoni/N.A..P  cBK amarketing aFundamentals of modern marketing bprentice hallaNew Delhic1985 a658.8bCUN a482 aENGLISH c33778d33778 001040708CRCaCRCEbCRCEd2023-03-17g50.00l0o658.8 CUNp1470r2023-03-17v50.00w2023-03-17yBK